| 000 -LEADER |
| fixed length control field |
00585nam a2200217 4500 |
| 020 ## - INTERNATIONAL STANDARD BOOK NUMBER |
| ISBN |
9789352828531 |
| 082 ## - DEWEY DECIMAL CLASSIFICATION NUMBER |
| Classification number |
M 894.812 092 |
| Item number |
JOS/A |
| 100 ## - MAIN ENTRY--AUTHOR NAME |
| Personal name |
Joseph T J |
| 245 ## - TITLE STATEMENT |
| Title |
Attupokkatha ormakal/ |
| Statement of responsibility, etc |
by Joseph T J |
| 250 ## - EDITION STATEMENT |
| Edition statement |
18 |
| 260 ## - PUBLICATION, DISTRIBUTION, ETC. (IMPRINT) |
| Place of publication |
Kottayam: |
| Name of publisher |
D C Books, |
| Year of publication |
2025. |
| 300 ## - PHYSICAL DESCRIPTION |
| Number of Pages |
431p. |
| 650 ## - SUBJECT ADDED ENTRY--TOPICAL TERM |
| Topical Term |
Autobiography T J Joseph |
| 650 ## - SUBJECT ADDED ENTRY--TOPICAL TERM |
| Topical Term |
Biography T J Joseph |
| 650 ## - SUBJECT ADDED ENTRY--TOPICAL TERM |
| Topical Term |
Autobiography College Professor |
| 650 ## - SUBJECT ADDED ENTRY--TOPICAL TERM |
| Topical Term |
Biograpy College Professor |
| 650 ## - SUBJECT ADDED ENTRY--TOPICAL TERM |
| Topical Term |
Biography Malayalam Writer |
| 650 ## - SUBJECT ADDED ENTRY--TOPICAL TERM |
| Topical Term |
Literature Malayalam |
| 650 ## - SUBJECT ADDED ENTRY--TOPICAL TERM |
| Topical Term |
Literature |
| 942 ## - ADDED ENTRY ELEMENTS (KOHA) |
| Koha item type |
Book |